| 000 | 01510nam a2200481 i 4500 | ||
|---|---|---|---|
| 001 | 30950 | ||
| 003 | KOSZ 005 | ||
| 005 | 20221206134811.0 | ||
| 008 | 980702s1996 pl f |000 0 pol | ||
| 015 | _aPB 1996/12319 | ||
| 020 | _a8301121505 | ||
| 035 | _a(OCoLC)830114140 | ||
| 040 |
_aWA N _cWA N _dKOSZ 005/HR |
||
| 080 | _a349.3(438) | ||
| 080 | _a349.2(438) | ||
| 080 | _a349.444(438) | ||
| 080 | _a364(438) | ||
| 080 | _a614.2(438) | ||
| 080 | _a368.4(438) | ||
| 100 | 1 |
_aMuszalski, Wojciech _d(1929- ) _eAutor |
|
| 245 | 1 | 0 |
_aPrawo socjalne / _cWojciech Muszalski. |
| 250 | _aWyd. 2 zaktual. | ||
| 260 |
_aWarszawa : _bWydaw. Naukowe PWN, _c1996. |
||
| 300 |
_a251, [1] s. ; _c24 cm. |
||
| 336 |
_2rdacontet _aTekst _btxt |
||
| 337 |
_2rdamedia _aBez urządzenia pośredniczącego _bn |
||
| 338 |
_2rdacarrier _aWolumin _bnc |
||
| 380 | _aKsiążki | ||
| 380 | _aPublikacje fachowe | ||
| 388 | _a1901-2000 | ||
| 388 | _a1989-2000 | ||
| 504 | _aBibliogr. przy rozdz., wykaz podstaw. przepisów s. 249-[252]. | ||
| 650 | 4 | _aOpieka społeczna | |
| 650 | 4 | _aUbezpieczenia społeczne | |
| 650 | 4 | _aPrawo pracy | |
| 650 | 4 | _aSłużba zdrowia | |
| 650 | 4 | _aPrawo lokalowe | |
| 651 | _aPolska | ||
| 658 | _aPrawo i wymiar sprawiedliwości | ||
| 710 | 2 |
_aWydawnictwo Naukowe PWN _4pbl. |
|
| 856 |
_uhttp://koha.tu.koszalin.pl/cgi-bin/koha/opac-detail.pl?biblionumber=30950 _yKatalog online BPK |
||
| 942 |
_2UKD _cKS |
||
| 999 |
_c30950 _d30950 |
||